Brawl Stars - Statistiques

Statistiques générales
  • Ce quiz a été pris 325 fois
  • Le résultat moyen est 25 sur 46
Statistiques - réponses
Hint Réponse % Correct
S Shelly
88%
C Colt
82%
N Nita
82%
B Bull
76%
M Monsieur M.
75%
B Bartaba
73%
J Jessie
68%
B Brock
66%
L Leon
64%
C Corbac
63%
B Bo
62%
D Dynamike
61%
S Spike
61%
D Darryl
60%
M Mortis
60%
T Tara
60%
E El Costo
59%
P Polly
56%
F Frank
55%
P Penny
55%
P Poco
55%
R Rosa
55%
E Emeri
54%
G Gaël
54%
S Surge
54%
A Arkad
53%
R Rico
53%
T Tick
53%
B Billie
52%
W Wally
52%
B Bea
51%
N Nani
51%
A Ambre
49%
E Eliza
47%
P Pam
47%
C Carl
45%
C Colette
45%
E Edgar
45%
D D'Jinn
44%
S Stu
43%
B Byron
42%
L Lou
39%
M Max
39%
B Belle
38%
M Médor
34%
S Squeak
29%
Aucun quiz correspondant
Distribution des résultats
% des personnes avec chaque résultat
Percentile par nombre de réponses
Votre historique - résultats
Vous n’avez pas pris ce quiz